Children's cookbook / (Record no. 50110)
| 000 -LEADER | |
|---|---|
| fixed length control field | 01065nam a2200301 4500 |
| 020 ## - INTERNATIONAL STANDARD BOOK NUMBER | |
| International Standard Book Number | 9780746087992 (hbk.) : |
| Terms of availability | £8.99 |
| 020 ## - INTERNATIONAL STANDARD BOOK NUMBER | |
| International Standard Book Number | 0746087993 (hbk.) : |
| Terms of availability | £8.99 |
| 020 ## - INTERNATIONAL STANDARD BOOK NUMBER | |
| International Standard Book Number | 9780746047453 |
| 040 ## - CATALOGING SOURCE | |
| Original cataloging agency | StDuBDS |
| Language of cataloging | eng |
| Transcribing agency | StDuBDS |
| Modifying agency | Uk |
| 042 ## - AUTHENTICATION CODE | |
| Authentication code | ukblcatcopy |
| 082 04 - DEWEY DECIMAL CLASSIFICATION NUMBER | |
| Classification number | 641.5123 |
| Edition number | 22 |
| 100 ## - MAIN ENTRY--PERSONAL NAME | |
| Personal name | Watt, Fiona, |
| Relator term | author. |
| 9 (RLIN) | 38829 |
| 245 10 - TITLE STATEMENT | |
| Title | Children's cookbook / |
| Statement of responsibility, etc | Fiona Watt ; illustrated by Stephen Cartwright and Molly Sage. |
| 260 ## - PUBLICATION, DISTRIBUTION, ETC. (IMPRINT) | |
| Place of publication, distribution, etc | London : |
| Name of publisher, distributor, etc | Usborne, |
| Date of publication, distribution, etc | 25 Oct. 2002 |
| 300 ## - PHYSICAL DESCRIPTION | |
| Extent | 47 p. : |
| Other physical details | col. ill. ; |
| Dimensions | 28 cm. |
| 490 ## - SERIES STATEMENT | |
| Series statement | Usborne farmyard tales |
| 650 ## - SUBJECT ADDED ENTRY--TOPICAL TERM | |
| Topical term or geographic name as entry element | Cooking |
| Form subdivision | Juvenile literature. |
| 650 ## - SUBJECT ADDED ENTRY--TOPICAL TERM | |
| Topical term or geographic name as entry element | Books : Children's Books : Children's Cookbooks |
| 9 (RLIN) | 80138 |
| 700 1# - ADDED ENTRY--PERSONAL NAME | |
| Personal name | Cartwright, Stephen, |
| Dates associated with a name | 1947-2004. |
| 9 (RLIN) | 54152 |
| 700 1# - ADDED ENTRY--PERSONAL NAME | |
| Personal name | Sage, Molly. |
| 9 (RLIN) | 87133 |
| 700 1# - ADDED ENTRY--PERSONAL NAME | |
| Personal name | Atkinson, Catherine, |
| Dates associated with a name | 1961- |
| 9 (RLIN) | 87134 |
| 700 1# - ADDED ENTRY--PERSONAL NAME | |
| Personal name | Denny, Roz, |
| Dates associated with a name | 1949- |
| 9 (RLIN) | 87135 |
| 700 1# - ADDED ENTRY--PERSONAL NAME | |
| Personal name | Kirby-Jones, Julia. |
| 9 (RLIN) | 87136 |
| 700 1# - ADDED ENTRY--PERSONAL NAME | |
| Personal name | Allman, Howard. |
| 9 (RLIN) | 60109 |
| 830 #0 - SERIES ADDED ENTRY--UNIFORM TITLE | |
| Uniform title | Usborne farmyard tales. |
| 9 (RLIN) | 13338 |
| 942 ## - ADDED ENTRY ELEMENTS (KOHA) | |
| Source of classification or shelving scheme | |
| Koha item type | Book |
| Withdrawn status | Lost status | Source of classification or shelving scheme | Damaged status | Not for loan | Home library | Current library | Date acquired | Total Checkouts | Full call number | Barcode | Date last seen | Price effective from | Koha item type |
|---|---|---|---|---|---|---|---|---|---|---|---|---|---|
| Logos International School | Logos International School | 01/22/2026 | J 641.5 WAT | 040839 | 01/22/2026 | 01/22/2026 | Book |